Statistics for States of New England (with map)

Click here to take the quiz!

General Stats

  • This quiz has been taken 79 times
  • The average score is 6 of 6

Answers on the Map

Answers color-coded by a green-red scale on the quiz's map according to % correct below.
 

Answer Stats

States% Correct
Maine
100%
Vermont
100%
Connecticut
95%
Rhode Island
95%
New Hampshire
92%
Massachusetts
91%

Score Distribution

Percentile by Number Answered

Percent of People with Each Score

Your Score History

You have not taken this quiz